Các nhân tố ảnh hưởng đến lòng trung thành của khách hàng sử dụng dịch vụ internet thuộc Tập đoàn Bưu chính Viễn thông Việt Nam tại thành phố Cần Thơ: Mô hình thời gian : Luận văn tốt nghiệp Cao học. Chuyên ngành Quản trị kinh doanh

Phân tích thực trạng sử dụng dịch vụ internet của người dân, các nhân tố ảnh hưởng lòng trung thành của khách hàng khi sử dụng dịch vụ internet của VNPT tại thành phố Cần Thơ.

Đã lưu trong:
书目详细资料
主要作者: Lê, Ngọc Diễm Trang
格式: 图书
语言:Undetermined
出版: Cần Thơ Trường Đại học Cần Thơ 2018
主题:
标签: 添加标签
没有标签, 成为第一个标记此记录!
Thư viện lưu trữ: Trung tâm Học liệu Trường Đại học Cần Thơ
LEADER 01241nam a2200217Ia 4500
001 CTU_228529
008 210402s9999 xx 000 0 und d
082 |a 658.8342 
082 |b Tr106 
088 |a 8340101 
100 |a Lê, Ngọc Diễm Trang 
245 0 |a Các nhân tố ảnh hưởng đến lòng trung thành của khách hàng sử dụng dịch vụ internet thuộc Tập đoàn Bưu chính Viễn thông Việt Nam tại thành phố Cần Thơ: Mô hình thời gian : 
245 0 |b Luận văn tốt nghiệp Cao học. Chuyên ngành Quản trị kinh doanh 
245 0 |c Lê Ngọc Diễm Trang ; Phạm Lê Thông (Cán bộ hướng dẫn) 
260 |a Cần Thơ 
260 |b Trường Đại học Cần Thơ 
260 |c 2018 
520 |a Phân tích thực trạng sử dụng dịch vụ internet của người dân, các nhân tố ảnh hưởng lòng trung thành của khách hàng khi sử dụng dịch vụ internet của VNPT tại thành phố Cần Thơ. 
650 |a Customer services,Phục vụ khách hàng 
910 |b nthai 
980 |a Trung tâm Học liệu Trường Đại học Cần Thơ